Central Library OPAC University of Rajshahi

Un géant de la résistance : (Record no. 49020)

MARC details
000 -LEADER
fixed length control field 00650nam a2200217 a 4500
001 - CONTROL NUMBER
control field 49020
003 - CONTROL NUMBER IDENTIFIER
rucl marc code BD-RjUL
005 - DATE AND TIME OF LATEST TRANSACTION
control field 20211209054626.0
008 - FIXED-LENGTH DATA ELEMENTS--GENERAL INFORMATION
fixed length control field 160817s1971 be aceh b 000 0bfre
035 ## - SYSTEM CONTROL NUMBER
System control number (BD-RjUL)
040 ## - CATALOGING SOURCE
Original cataloging agency DLC
Transcribing agency GU
Modifying agency DLC
-- BD-RjUL
Language of cataloging eng
041 ## - LANGUAGE CODE
Language code of text/sound track or separate title eng
082 ## - DEWEY DECIMAL CLASSIFICATION NUMBER
Edition number 23
Classification number 940.5486493
Author mark and year BEU 1971
100 10 - MAIN ENTRY--PERSONAL NAME
Personal name Bernard, Henri
Dates associated with a name 1900-1987.
9 (RLIN) 147529
245 10 - TITLE STATEMENT
Title Un géant de la résistance :
Remainder of title Walthère Dewé /
Statement of responsibility, etc. Henri Bernard,
260 ## - PUBLICATION, DISTRIBUTION, ETC. (IMPRINT)
Place of publication, distribution, etc. Bruxelles :
Name of publisher, distributor, etc. La Renaissance du livre,
Date of publication, distribution, etc. c1971
300 ## - PHYSICAL DESCRIPTION
Pagination 245 p. :
Illustrations ill.
Size 21 cm.
600 10 - SUBJECT ADDED ENTRY--PERSONAL NAME
Personal name Dewé, Walthère,
Dates associated with a name 1880-1944.
942 ## - ADDED ENTRY ELEMENTS (KOHA)
Source of classification or shelving scheme Dewey Decimal Classification
Koha item type Books
Holdings
Lost status Source of classification or shelving scheme Damaged status Not for loan Collection code Permanent Location Current Location Shelving location Date acquired Source of acquisition Cost, normal purchase price Total Checkouts Full call number Date last seen Copy number Koha item type
  Dewey Decimal Classification     Non-fiction Central Library, University of Rajshahi Central Library, University of Rajshahi   02/09/1987 N/A 0.00   940.5486493 BEU 1971 17/08/2016 C-2 Books